000 00775nam a2200241Ia 4500
003 CO-CtgCURN
005 20250408220439.0
008 190723s9999 xx 000 0 und d
020 _a9583500925
040 _aCO-CtgCURN
_bspa
_ccoctgcurn
082 _a346.02
_bG633p
100 _aGómez Estrada, Cesar
245 0 _aDe los principales contratos civiles /
_cCesar Gómez Estrada
250 _a3 edición
260 _aBogotá, Colombia :
_bEditorial Temis,
_c1999
300 _a484 páginas ;
_c23 centímetros
521 _aAREA PROFESIONAL
590 _aPrograma de Derecho_18
650 _aContratos
650 _aDerecho comercial
942 _cBK
_h346.02
_iG633p
_2ddc
_n0
999 _c29131
_d29131